Reconocer el pasado : (Registro nro. 11875)
[ vista simple ]
| 000 -LEADER | |
|---|---|
| fixed length control field | 01160nam a2200241Ia 4500 |
| 003 - CONTROL NUMBER IDENTIFIER | |
| control field | OSt |
| 005 - DATE AND TIME OF LATEST TRANSACTION | |
| control field | 20210610150246.0 |
| 008 - FIXED-LENGTH DATA ELEMENTS--GENERAL INFORMATION | |
| fixed length control field | 210310s2011 ck o gr 00010 spa d |
| 020 ## - INTERNATIONAL STANDARD BOOK NUMBER | |
| International Standard Book Number | 9789588447711 |
| 040 ## - CATALOGING SOURCE | |
| Original cataloging agency | CO-JMCR |
| Transcribing agency | CO-JMCR |
| 041 0# - LANGUAGE CODE | |
| Language code of text/sound track or separate title | spa |
| 082 04 - DEWEY DECIMAL CLASSIFICATION NUMBER | |
| Classification number | 331.880986 / |
| Item number | P964r |
| Edition number | 23 |
| 110 1# - MAIN ENTRY--CORPORATE NAME | |
| Corporate name or jurisdiction name as entry element | Programa de las Naciones Unidas para el Desarrollo. |
| 9 (RLIN) | 3154 |
| 245 10 - TITLE STATEMENT | |
| Title | Reconocer el pasado : |
| Remainder of title | construir el futuro informe sobre violencia contra sindicalistas y trabajadores sindicalizados 1984-2011 / |
| Statement of responsibility, etc. | Programa de las Naciones Unidas para el Desarrollo. |
| 260 ## - PUBLICATION, DISTRIBUTION, ETC. | |
| Place of publication, distribution, etc. | Bogotá : |
| Name of publisher, distributor, etc. | PNUD Colombia, |
| Date of publication, distribution, etc. | 2011. |
| 300 ## - PHYSICAL DESCRIPTION | |
| Extent | 233 páginas : |
| Other physical details | ilustraciones, fotografías y gráficas en blanco y negro ; |
| Dimensions | 28 m. + |
| Accompanying material | 1 CD. |
| 504 ## - BIBLIOGRAPHY, ETC. NOTE | |
| Bibliography, etc. note | Bibliografía: páginas 212-216. |
| 505 0# - FORMATTED CONTENTS NOTE | |
| Formatted contents note | El contexto del problema. -- Fuentes, cifras y tendencias. -- Caracterización de las victimas y las acciones violentas a partir de las fuentes. -- Autores y movimientos. -- El reto del estado ante la situación de violencia. |
| 650 14 - SUBJECT ADDED ENTRY--TOPICAL TERM | |
| Topical term or geographic name entry element | Sindicalismo |
| 9 (RLIN) | 38337 |
| 650 24 - SUBJECT ADDED ENTRY--TOPICAL TERM | |
| Topical term or geographic name entry element | Evolución sindical |
| 9 (RLIN) | 38338 |
| 650 24 - SUBJECT ADDED ENTRY--TOPICAL TERM | |
| Topical term or geographic name entry element | Acciones violentas |
| General subdivision | Sindicalismo |
| 9 (RLIN) | 38339 |
| 942 ## - ADDED ENTRY ELEMENTS (KOHA) | |
| Source of classification or shelving scheme | Dewey Decimal Classification |
| Koha item type | Books |
| Withdrawn status | Lost status | Source of classification or shelving scheme | Damaged status | Not for loan | Home library | Current library | Shelving location | Date acquired | Source of acquisition | Full call number | Barcode | Date last seen | Copy number | Price effective from | Koha item type | Total Checkouts | Public note |
|---|---|---|---|---|---|---|---|---|---|---|---|---|---|---|---|---|---|
| Dewey Decimal Classification | Biblioteca Pública José María del Castillo y Rada | Biblioteca Pública José María del Castillo y Rada | General Stacks | 04/15/2018 | Donación | 331.880986 / P964r | 430003094 | 05/16/2024 | Ej.1 | 03/10/2021 | Books | ||||||
| Dewey Decimal Classification | Biblioteca Pública José María del Castillo y Rada | Biblioteca Pública José María del Castillo y Rada | General Stacks | 04/15/2018 | Donación | 331.880986 / P964r | 430003092 | 05/16/2024 | Ej.2 | 03/10/2021 | Books | ||||||
| Dewey Decimal Classification | Biblioteca Pública José María del Castillo y Rada | Biblioteca Pública José María del Castillo y Rada | Audio Visual | 04/15/2018 | Donación | 331.880986 / P964r | 201811094 | 06/10/2021 | Ej.1 | 03/10/2021 | Books | ||||||
| Dewey Decimal Classification | Biblioteca Pública José María del Castillo y Rada | Biblioteca Pública José María del Castillo y Rada | General Stacks | 04/15/2018 | Donación | 331.880986 / P964r | 201811095 | 06/10/2021 | Ej.2 | 03/10/2021 | Books | ||||||
| Dewey Decimal Classification | Biblioteca Pública José María del Castillo y Rada | Biblioteca Pública José María del Castillo y Rada | General Stacks | 04/15/2018 | Donación | 331.880986 / P964r | 430003093 | 05/16/2024 | Ej.3 | 03/10/2021 | Books | Resumen Ejecutivo |